Vorbereitung und Begleitung des Freigangs (VBF): ein Projekt in der Jugendanstalt Hameln
| Main Author: | |
|---|---|
| Format: | Print Article |
| Language: | German |
| Published: |
1983
|
| In: |
Zeitschrift für Strafvollzug und Straffälligenhilfe
Year: 1983, Volume: 32, Pages: 272-278 |
| Availability in Albert-Krebs Library: | Z.01 24.1975 - 55.2006 |
| Check availability: | HBZ Gateway |
| Keywords: |
MARC
| LEADER | 00000caa a2200000 c 4500 | ||
|---|---|---|---|
| 001 | 1631548751 | ||
| 003 | DE-627 | ||
| 005 | 20241213173823.0 | ||
| 007 | tu | ||
| 008 | 130402s1983 xx ||||| 00| ||ger c | ||
| 035 | |a (DE-627)1631548751 | ||
| 035 | |a (DE-576)380558637 | ||
| 035 | |a (DE-599)BSZ380558637 | ||
| 040 | |a DE-627 |b ger |c DE-627 |e rakwb | ||
| 041 | |a ger | ||
| 084 | |a 2,1 |2 ssgn | ||
| 100 | 1 | |a Stemmer-Lück, Magdalena |0 (DE-588)108932117 |0 (DE-627)595582974 |0 (DE-576)305067761 |4 aut | |
| 109 | |a Stemmer-Lück, Magdalena |a Lück, Magdalena Stemmer- |a Stemmer-Lück, Magdalene | ||
| 245 | 1 | 0 | |a Vorbereitung und Begleitung des Freigangs (VBF) |b ein Projekt in der Jugendanstalt Hameln |c Magdalene Stemmer-Lück |
| 264 | 1 | |c 1983 | |
| 300 | |b 3 Tab. | ||
| 336 | |a Text |b txt |2 rdacontent | ||
| 337 | |a ohne Hilfsmittel zu benutzen |b n |2 rdamedia | ||
| 338 | |a Band |b nc |2 rdacarrier | ||
| 773 | 0 | 8 | |i In |t Zeitschrift für Strafvollzug und Straffälligenhilfe |d Wiesbaden : Ges. für Fortbildung der Strafvollzugsbediensteten, 1975 |g Jg. 32.1983, S. 272-278 |w (DE-627)130166723 |w (DE-600)519517-2 |w (DE-576)015709817 |x 0342-3514 |7 nnas |
| 773 | 1 | 8 | |g volume:32 |g year:1983 |g pages:272-278 |
| 889 | |w (DE-627)1044195177 | ||
| 935 | |a mkri | ||
| 935 | |i mdedup | ||
| 951 | |a AR | ||
| AKB | |a 24.1975 - 55.2006 |b Z.01 | ||
| ELC | |b 1 | ||
| LOK | |0 000 xxxxxcx a22 zn 4500 | ||
| LOK | |0 001 3282479298 | ||
| LOK | |0 003 DE-627 | ||
| LOK | |0 004 1631548751 | ||
| LOK | |0 005 20250620160208 | ||
| LOK | |0 008 130402||||||||||||||||ger||||||| | ||
| LOK | |0 040 |a DE-21-110 |c DE-627 |d DE-21-110 | ||
| LOK | |0 689 |a s |a Freigang | ||
| LOK | |0 689 |a s |a Jugendstrafvollzug | ||
| LOK | |0 852 |a DE-21-110 | ||
| LOK | |0 852 1 |m p |9 00 | ||
| LOK | |0 935 |a k110 | ||
| LOK | |0 938 |k p | ||
| LOK | |0 939 |a 02-04-13 |b l01 | ||
| LOK | |0 000 xxxxxcx a22 zn 4500 | ||
| LOK | |0 001 4196295789 | ||
| LOK | |0 003 DE-627 | ||
| LOK | |0 004 1631548751 | ||
| LOK | |0 005 20221011151230 | ||
| LOK | |0 008 221011||||||||||||||||ger||||||| | ||
| LOK | |0 035 |a (DE-2619)pk01522 | ||
| LOK | |0 040 |a DE-2619 |c DE-627 |d DE-2619 | ||
| LOK | |0 092 |o n | ||
| LOK | |0 852 |a DE-2619 | ||
| LOK | |0 852 1 |m p |9 00 | ||
| LOK | |0 935 |a kreb | ||
| LOK | |0 938 |k p | ||
| LOK | |0 939 |a 11-10-22 |b l01 | ||
| ORI | |a SA-MARC-krimdoka001.raw | ||
